000
00256nam a2200097Ia 4500
008
120527s9999 xx 000 0 und d
100
_a
ONIFADE, M.
245
_a
When does an artist become a master?(seminar Proceedings)
260
_b
ARA Studio
942
_c
BK
999
_c
25815
_d
25815